| 000 | 00719nam a22001817a 4500 | ||
|---|---|---|---|
| 003 | OSt | ||
| 005 | 20250819062758.0 | ||
| 008 | 250819b |||||||| |||| 00| 0 eng d | ||
| 040 |
_aDWC-Main Lib _cOC |
||
| 082 | _aFil. 306.4 P681n 2010 | ||
| 100 | _aPitogo, Resti Reyes | ||
| 245 |
_aNag mamagandang loob po! : _bang pamana ng ginintuang ambahan ng hanunuo-mangyan para sa likas-kayang kaginhawaan ng sambayanang Pilipino/ _cResti Reyes Pitogo |
||
| 260 |
_a[Mindoro], Philippines : _bMangyan Heritage Center, _cc2010. |
||
| 300 |
_aiii, 253 pages : _billustrations ; _c28cm. |
||
| 504 | _aIncludes bibliography. | ||
| 650 | _a1. Mangyans --- Philippines --- Culture and Traditions. | ||
| 942 |
_2ddc _cBK - FIL _kFil. _n0 |
||
| 999 |
_c4077 _d4077 |
||